000 00645nam a2200217Ia 4500
003 OSt
005 20220918105414.0
006 a|||||r|||| 00| 0
007 ta
008 220915b |||||||| |||| 00| 0 eng d
024 _a92,325
037 _cReference Collections
040 _aARTS
_cARTS
_beng
041 _2eng
_aeng
082 _aAv2.C, M6.2(RR)
100 _aSarasvati Swami Satya prakash Au.
_91191
245 0 _aFounders of science in ancient India
650 _aSCIENCE
_91192
942 _hAv2.C, M6.2(RR)
_cREF
999 _c106820
_d106820